| 000 | 00401 a2200109 4500 | ||
|---|---|---|---|
| 001 | ART_55094 | ||
| 005 | 20260410162009.0 | ||
| 008 | 260409a | ||
| 245 | 1 | 0 | _aAcoso sexual en el ámbito laboral (UNICEF), encubrimiento del empleador y un justo reconocimiento |
| 100 | 1 | _aRebaudi Basavilbaso, Ignacio M. | |
| 773 | 0 |
_tTemas de derecho civil _g- Año 7, N° 12 (dic. 2021) _wREV34778 |
|
| 999 |
_c31991 _d31991 |
||